000 00226nam a22000857a 4500
008 160706b xxu||||| |||| 00| 0 eng d
100 _92401
_aBennett A
245 _aHow to live 24 hours a day
260 _aNew Delhi
_bMaanu Group
_c2012
999 _c2076
_d2076